000 00485nam a22001577a 4500
005 20260422173431.0
008 260422b |||||||| |||| 00| 0 eng d
020 _a0312451024
020 _a9780312451028
050 _aPE1417
_b.P36 KIR
100 _aKirszner Laurie G.
245 _aPattenrs for College Writing:
_bA Rhetorical Reader and Guide/
_cLaurie G. Kirszner & Stephen R. Mandell
250 _a10th Ed.
260 _aBedford
_bSt. Martin's
_c2007
942 _2lcc
_cBK
_e10th Ed.
_n0
999 _c9547
_d9547